| 000 | 00948nam a2200253 a 4500 | ||
|---|---|---|---|
| 001 | BRCA_584 | ||
| 005 | 20190320203055.0 | ||
| 008 | 030827s2003 flua---##b---#001-0#eng-d | ||
| 020 | _a0943411408 | ||
| 040 |
_aCtWfDGI _cOLINC _dOCLCQ |
||
| 050 | 4 |
_aN7343.5 _b.C45 2003 |
|
| 245 | 1 | 0 |
_aThe Chinese Collection _bselected works from the Norton Museum of Art _cJohn R. Finlay ; with essays by Colin Mackenzie and Jenny. |
| 260 |
_aWest Palm Beach, Florida _bThe Norton Museum of Art _c2003 |
||
| 300 |
_a279 p. _bil. (algunas a color) _c31 cm. |
||
| 500 | _aIncluye índice alfabético y glosario de caracteres chinos | ||
| 504 | _aBibliografía: p. 253-265 | ||
| 610 | 2 | 4 |
_aNorton Museum of Art _vCatálogos _92009 |
| 650 | 1 | 4 |
_aArte chino _vCatálogos _92010 |
| 650 | 1 | 4 |
_aArte _vCatálogos _zFlorida _92011 |
| 700 | 1 |
_aFinlay, John R. _92012 |
|
| 700 | 1 |
_aMackenzie, Colin _q(Colin Christopher) _92013 |
|
| 700 | 1 |
_aSo, Jenny F. _92014 |
|
| 942 |
_2lcc _cB |
||
| 999 |
_c513 _d513 |
||